[Event "Ceske sachove vanoce 2012  -  OPEN"]
[Site "Litomysl"]
[Date "2013.01.01"]
[Round "8.32"]
[White "Zitna, Aneta"]
[Black "Barta, Tomas"]
[Result "1/2-1/2"]
[WhiteElo "1548"]
[BlackElo "1729"]
[Annotator ",Michail"]
[PlyCount "79"]
[EventDate "2012.12.26"]

1. e4 d5 2. exd5 Qxd5 3. Nc3 Qd6 4. Nf3 Nf6 5. Be2 Bg4 6. O-O c6 7. d3 Nbd7 8.
Bg5 e5 9. Re1 O-O-O 10. Ne4 Qc7 11. a4 Qb6 12. Qc1 Nxe4 13. Bxd8 Qxf2+ 14. Kh1
Kxd8 15. dxe4 f6 16. Qd2 Be6 17. Rad1 Qc5 18. b3 Qb4 19. Qxb4 Bxb4 20. Rf1 Ke7
21. Ne1 Nc5 22. Bf3 Bc3 23. Nd3 Na6 24. Be2 Rd8 25. Nc1 Rxd1 26. Rxd1 Nb4 27.
Bd3 Bg4 28. Rf1 Bd2 29. h3 Bh5 30. g4 Bf7 31. Kg2 Bc3 32. Rd1 Be6 33. Ne2 Bb2
34. Rd2 Bf7 35. Kf3 Ba3 36. Ke3 Be6 37. Rd1 Bf7 38. Ng3 g6 39. h4 Be6 40. Kf3
$11 1/2-1/2

[Event "Ceske sachove vanoce 2012  -  OPEN"]
[Site "Litomysl"]
[Date "2013.01.02"]
[Round "9.2"]
[White "Kanovsky, David"]
[Black "Chudinovskikh, Alexander M"]
[Result "1-0"]
[WhiteElo "2412"]
[BlackElo "2263"]
[Annotator ",Michail"]
[PlyCount "101"]
[EventDate "2012.12.26"]

1. e4 e5 $11 2. Nf3 Nc6 3. Bc4 Nf6 4. Ng5 d5 5. exd5 Na5 6. Bb5+ c6 7. dxc6
bxc6 8. Bd3 h6 9. Ne4 Nd5 10. Ng3 Nf4 11. O-O Nxd3 12. cxd3 Bc5 13. Nc3 O-O 14.
Rb1 Rb8 15. b4 Rxb4 16. Rxb4 Bxb4 17. Qa4 Bc5 18. Nce4 Be7 19. Ba3 Re8 20. Re1
Be6 21. Bxe7 Rxe7 22. Nc5 Nb7 23. Nxe6 fxe6 24. Qxa7 Nd6 25. Qc5 Nf7 26. a4 Rd7
27. Ne4 Qa8 28. Qc4 Rd5 29. h3 Nd8 30. Re3 Qa5 31. Nc3 Rd4 32. Qb3 Rb4 33. Qd1
Nf7 34. Qh5 Rf4 35. Rg3 Qa7 36. Ne4 Ng5 37. Nxg5 Qxf2+ 38. Kh2 hxg5 39. Qxg5
Rf7 40. Qxe5 Qf5 41. d4 Rd7 42. a5 Qxe5 43. dxe5 Rxd2 44. Ra3 Rd7 45. a6 Ra7
46. Kg3 Kf7 47. Kf4 c5 48. Ke4 Ke7 49. Kd3 Kd7 50. Kc4 Kc6 51. Rd3 1-0

[Event "Ceske sachove vanoce 2012  -  OPEN"]
[Site "Litomysl"]
[Date "2013.01.02"]
[Round "9.3"]
[White "Sodoma, Jan"]
[Black "Cerveny, Petr"]
[Result "1-0"]
[WhiteElo "2379"]
[BlackElo "2269"]
[PlyCount "73"]
[EventDate "2012.12.26"]

1. d4 e6 2. c4 f5 3. Nf3 Nf6 4. g3 d5 5. Bg2 c6 6. O-O Bd6 7. b3 Qe7 8. a4 a5
9. Ba3 Bxa3 10. Nxa3 O-O 11. Nc2 b6 12. Ne5 Bb7 13. Ne1 Na6 14. N1d3 Rac8 15.
Rc1 c5 16. cxd5 exd5 17. e3 Ne4 18. Qe2 Rc7 19. Nf4 Nb4 20. Rfe1 g5 21. Nh3 g4
22. Nf4 Ba6 23. Qd1 Rd8 24. h3 Na2 25. Rc2 Nb4 26. Bxe4 dxe4 27. Rd2 cxd4 28.
exd4 gxh3 29. Qh5 Nc2 30. Rc1 Rxd4 31. Rcxc2 h2+ 32. Kh1 Rxd2 33. Rxd2 Bb7 34.
Kxh2 Qxe5 35. Rd8+ Kg7 36. Qg5+ Kf7 37. Qg8+ 1-0

[Event "Ceske sachove vanoce 2012  -  OPEN"]
[Site "Litomysl"]
[Date "2013.01.02"]
[Round "9.4"]
[White "Jasny, Stanislav"]
[Black "Sharashenidze, Akaki"]
[Result "1/2-1/2"]
[WhiteElo "2303"]
[BlackElo "2351"]
[PlyCount "92"]
[EventDate "2012.12.26"]

1. e4 e5 2. Nf3 Nf6 3. Nxe5 d6 4. Nf3 Nxe4 5. d4 d5 6. Bd3 Nc6 7. O-O Be7 8.
Re1 Bg4 9. c4 Nf6 10. Nc3 O-O 11. cxd5 Nxd5 12. h3 Be6 13. a3 Nxc3 14. bxc3 Bf6
15. Rb1 Bd5 16. Bf4 b6 17. Ne5 Nxe5 18. dxe5 Be7 19. Qc2 g6 20. Rbd1 Qc8 21.
Bh6 Rd8 22. c4 Be6 23. Be4 Rb8 24. Qa4 a5 25. Rxd8+ Qxd8 26. Rd1 Qc8 27. Bd5 c5
28. Rd2 Bf8 29. Bxf8 Kxf8 30. Bxe6 Qxe6 31. f4 Qf5 32. Qc6 Kg8 33. Qd6 Re8 34.
Qd7 Re6 35. Qd8+ Kg7 36. Rf2 h5 37. a4 Rc6 38. Qd5 Rc7 39. Qd6 Rd7 40. Qxb6
Rd1+ 41. Kh2 Rd4 42. Qxc5 Rxf4 43. Rxf4 Qxf4+ 44. Kg1 Qc1+ 45. Kh2 Qf4+ 46. Kg1
Qc1+ 1/2-1/2

[Event "Ceske sachove vanoce 2012  -  OPEN"]
[Site "Litomysl"]
[Date "2013.01.02"]
[Round "9.5"]
[White "Jedlicka, Ales"]
[Black "Sabol, Marian"]
[Result "0-1"]
[WhiteElo "2223"]
[BlackElo "2341"]
[PlyCount "98"]
[EventDate "2012.12.26"]

1. d4 Nf6 2. c4 g6 3. Nc3 Bg7 4. e4 d6 5. Be2 O-O 6. Nf3 e5 7. Be3 Ng4 8. Bg5
f6 9. Bc1 Nc6 10. d5 Ne7 11. h3 Nh6 12. h4 f5 13. Ng5 fxe4 14. g4 c6 15. Ngxe4
cxd5 16. cxd5 a6 17. Be3 b5 18. h5 gxh5 19. Rxh5 Nf7 20. Qd3 Ng6 21. f3 b4 22.
Na4 Bd7 23. Nb6 Bb5 24. Qc2 Rb8 25. Nc4 Rc8 26. b3 Re8 27. O-O-O Nf4 28. Bxf4
exf4 29. Rxh7 Rxe4 30. Rxg7+ Kxg7 31. Qxe4 Qf6 32. Qd4 Re8 33. Qxf6+ Kxf6 34.
Rd2 a5 35. Kd1 Bxc4 36. Bxc4 Re3 37. Be2 Ne5 38. Rc2 Nxf3 39. Bxf3 Rxf3 40. Ke2
Rc3 41. Rd2 Kg5 42. Kf2 Rh3 43. Kg2 Kxg4 44. Rd4 Rc3 45. Rd2 Rg3+ 46. Kf2 Rh3
47. Kf1 f3 48. Kg1 Kg3 49. Rc2 Rh8 0-1

[Event "Ceske sachove vanoce 2012  -  OPEN"]
[Site "Litomysl"]
[Date "2013.01.02"]
[Round "9.6"]
[White "Kubik, Michael"]
[Black "Novotny, Michal"]
[Result "0-1"]
[WhiteElo "2140"]
[BlackElo "2274"]
[PlyCount "76"]
[EventDate "2012.12.26"]

1. Nf3 Nf6 2. g3 Nc6 3. Bg2 e5 4. d3 d5 5. O-O h6 6. c4 Be6 7. cxd5 Nxd5 8. Nc3
Qd7 9. Bd2 g5 10. Nxd5 Bxd5 11. Bc3 Bg7 12. Qa4 O-O-O 13. b4 Kb8 14. b5 Nd4 15.
Nxd4 Bxg2 16. Nc6+ bxc6 17. Kxg2 cxb5 18. Rab1 c6 19. Rfc1 Qd5+ 20. Kg1 Rd7 21.
Qa6 Rb7 22. a4 Rb6 23. Qa5 h5 24. Bb4 Bf8 25. Bxf8 Rxf8 26. axb5 cxb5 27. Qb4
Rc8 28. Rxc8+ Kxc8 29. Qe7 a5 30. Qa7 Qc5 31. Qa8+ Kd7 32. Qxa5 h4 33. Qa7+ Ke6
34. e3 Qc6 35. Qa2+ Kf6 36. Qb2 Qf3 37. Qc1 h3 38. Qf1 g4 0-1

[Event "Ceske sachove vanoce 2012  -  OPEN"]
[Site "Litomysl"]
[Date "2013.01.02"]
[Round "9.7"]
[White "Sabuk, Piotr"]
[Black "Bombek, Peter"]
[Result "1/2-1/2"]
[WhiteElo "2195"]
[BlackElo "2261"]
[Annotator ",Michail"]
[PlyCount "73"]
[EventDate "2012.12.26"]

1. d4 d5 2. c4 e6 3. Nf3 Nf6 4. g3 dxc4 5. Bg2 Bd7 6. Ne5 Bc6 7. Nxc6 Nxc6 8.
Qa4 Qd7 9. Qxc4 Rd8 10. Bxc6 Qxc6 11. Qxc6+ bxc6 12. e3 c5 13. dxc5 Bxc5 14.
Bd2 Ne4 15. Ke2 Ke7 16. Rc1 Bb6 17. Bb4+ c5 18. Ba3 Rd5 19. Rc4 f5 20. f3 Nd6
21. Rc2 Nb5 22. Nd2 Nxa3 23. bxa3 h5 24. h4 Rg8 25. f4 e5 26. Nc4 exf4 27. gxf4
Rc8 28. Rg1 Kf7 29. Rb2 Bd8 30. Rb7+ Rc7 31. Ne5+ Kg8 32. Rb8 Kh7 33. Ng6 Rf7
34. Ne5 Rc7 35. Ng6 Rf7 36. Ne5 $11 Rc7 37. Ng6 1/2-1/2

[Event "Ceske sachove vanoce 2012  -  OPEN"]
[Site "Litomysl"]
[Date "2013.01.02"]
[Round "9.8"]
[White "Hajek, Lukas"]
[Black "Szumilas, Piotr"]
[Result "1/2-1/2"]
[WhiteElo "2155"]
[BlackElo "2204"]
[Annotator ",Michail"]
[PlyCount "76"]
[EventDate "2012.12.26"]

1. d4 d5 2. c4 e6 3. Nc3 Be7 4. Nf3 Nf6 5. cxd5 exd5 6. Bg5 c6 7. Qc2 g6 8. e3
Bf5 9. Bd3 Bxd3 10. Qxd3 Nbd7 11. O-O h6 12. Bh4 O-O 13. Rab1 Ne4 14. Nxe4 Bxh4
15. Nxh4 Qxh4 16. Nd2 a6 17. Rfc1 Rfc8 18. Rc2 Qe7 19. Rbc1 Qb4 20. Qb3 Qxb3
21. Nxb3 a5 22. Nc5 Nxc5 23. Rxc5 Rcb8 24. R1c3 Ra6 25. Kf1 Kf8 26. Ke2 Rb6 27.
Rc2 Ra8 28. Kd3 a4 29. Re2 a3 30. Rcc2 axb2 31. Rxb2 Rxb2 32. Rxb2 Ra7 33. Kc3
Ke7 34. a4 Kd6 35. a5 Kc7 36. Kb4 Kd6 37. Kc3 Kc7 38. Kb4 Kd6 $11 1/2-1/2

[Event "Ceske sachove vanoce 2012  -  OPEN"]
[Site "Litomysl"]
[Date "2013.01.02"]
[Round "9.9"]
[White "Pekar, Vaclav"]
[Black "Daniel, Martin"]
[Result "0-1"]
[WhiteElo "2157"]
[BlackElo "2081"]
[PlyCount "82"]
[EventDate "2012.12.26"]

1. e4 Nc6 2. Nf3 e6 3. d4 d5 4. e5 b6 5. c3 Bb7 6. Bd3 Qd7 7. O-O O-O-O 8. b4
Nge7 9. a4 Nb8 10. b5 c5 11. dxc5 bxc5 12. Nbd2 Ng6 13. Re1 Qc7 14. a5 c4 15.
Bxg6 hxg6 16. Ng5 Bc5 17. Ndf3 Qe7 18. Bf4 Rh5 19. Qd2 Nd7 20. Rab1 Nf8 21. Be3
f6 22. exf6 gxf6 23. Bxc5 Qxc5 24. Nxe6 Nxe6 25. Rxe6 d4 26. Rxf6 Bxf3 27. Rxf3
Qe5 28. g3 Qe4 29. Qe1 Qxf3 30. Qe6+ Kb8 31. b6 Qd5 32. bxa7+ Ka8 33. Qb6 Rhh8
34. a6 dxc3 35. Qxg6 Qf3 36. h4 Rhf8 37. Rb8+ Rxb8 38. axb8=Q+ Rxb8 39. h5 Rd8
40. Kh2 c2 41. Qxc2 Rd1 0-1

[Event "Ceske sachove vanoce 2012  -  OPEN"]
[Site "Litomysl"]
[Date "2013.01.02"]
[Round "9.10"]
[White "Mejzlik, Ondrej"]
[Black "Jozefek, Michal"]
[Result "1-0"]
[WhiteElo "2233"]
[BlackElo "2060"]
[PlyCount "69"]
[EventDate "2012.12.26"]

1. c4 e5 2. Nc3 Nf6 3. g3 d5 4. cxd5 Nxd5 5. Bg2 Nb6 6. Nf3 Nc6 7. O-O Be7 8.
a3 g5 9. d3 h5 10. b4 a6 11. Be3 h4 12. Qc1 g4 13. Nd2 Nd4 14. Bxd4 exd4 15.
Nce4 hxg3 16. hxg3 Nd5 17. Qb2 Nc3 18. Nxc3 dxc3 19. Qxc3 Bf6 20. Qc5 Bd4 21.
Qc2 Bxa1 22. Rxa1 c6 23. Qc3 Rh6 24. Ne4 Kf8 25. Qe5 Qe7 26. Qf4 Rg6 27. Rc1 b6
28. Rc4 Bd7 29. Rd4 Be8 30. Rd6 Rxd6 31. Nxd6 Qe6 32. Be4 a5 33. b5 Rd8 34. Nf5
cxb5 35. Qg5 1-0

[Event "Ceske sachove vanoce 2012  -  OPEN"]
[Site "Litomysl"]
[Date "2013.01.02"]
[Round "9.11"]
[White "Seidl, Stepan"]
[Black "Vyprachticky, David"]
[Result "1-0"]
[WhiteElo "2185"]
[BlackElo "2092"]
[PlyCount "51"]
[EventDate "2012.12.26"]

1. e4 c5 2. Nf3 e6 3. d4 cxd4 4. Nxd4 Nf6 5. Nc3 d6 6. Be2 Be7 7. O-O O-O 8.
Be3 a6 9. f4 Qc7 10. Qe1 Re8 11. g4 Nc6 12. g5 Nd7 13. Bd3 g6 14. Qh4 Nb4 15.
Rf3 e5 16. Nf5 h5 17. Nh6+ Kh7 18. f5 d5 19. Nxd5 Nxd5 20. exd5 e4 21. fxg6+
fxg6 22. Qxe4 Ne5 23. Rf7+ Kh8 24. Bd4 Bc5 25. Rxc7 Bxd4+ 26. Qxd4 1-0

[Event "Ceske sachove vanoce 2012  -  OPEN"]
[Site "Litomysl"]
[Date "2013.01.02"]
[Round "9.12"]
[White "Kastner, Oldrich"]
[Black "Sedy, Pavel"]
[Result "1-0"]
[WhiteElo "2088"]
[BlackElo "2137"]
[PlyCount "149"]
[EventDate "2012.12.26"]

1. e4 e5 2. Nc3 Nf6 3. Bc4 Nxe4 4. Qh5 Nd6 5. Bb3 Nc6 6. Nb5 g6 7. Qf3 Nf5 8.
Qd5 Nh6 9. d3 d6 10. Bxh6 Be6 11. Qf3 Bxh6 12. Bxe6 fxe6 13. Qh3 Bg7 14. Qxe6+
Kf8 15. Nf3 Qc8 16. Ng5 Nd8 17. Qxc8 Rxc8 18. Nxa7 Rb8 19. Nb5 h6 20. Nf3 Ne6
21. O-O-O Ke7 22. Rhe1 c6 23. Nc3 Kd7 24. Re4 Rhf8 25. Rf1 Nf4 26. Ne1 b5 27.
g3 d5 28. Rb4 Nh3 29. f3 Kd6 30. a4 e4 31. dxe4 d4 32. Ne2 Ra8 33. Nxd4 bxa4
34. Rc4 c5 35. Nb5+ Kc6 36. Na3 Ng5 37. f4 Bd4 38. c3 Bg7 39. Nd3 Ra5 40. Rf2
Nf7 41. e5 h5 42. Re2 Kd5 43. Rd2 Kc6 44. h4 Kb6 45. Nf2 Nxe5 46. fxe5 Bh6 47.
Nd3 Rf1+ 48. Kc2 Bxd2 49. Kxd2 Rg1 50. Rf4 Kc7 51. Rf3 Kd7 52. Ke3 Ke7 53. Kf4
Rd1 54. Kg5 c4 55. Nxc4 Rd5 56. Nf4 Rc5 57. Nxg6+ Ke6 58. Nf4+ Kd7 59. Nb6+ Kc6
60. Nxa4 Rxe5+ 61. Kf6 Ra5 62. b3 Rd6+ 63. Ne6 Kd7 64. Rd3 Rxd3 65. Nec5+ Kd6
66. Nxd3 Ra8 67. Nac5 Rg8 68. b4 Kd5 69. Nf4+ Kc4 70. Nxh5 Kxc3 71. Ng7 Kxb4
72. Nce6 Ra8 73. h5 Ra3 74. Nf5 Kc4 75. h6 1-0

[Event "Ceske sachove vanoce 2012  -  OPEN"]
[Site "Litomysl"]
[Date "2013.01.02"]
[Round "9.13"]
[White "Chladek, Vaclav"]
[Black "Hrabal, Michal"]
[Result "1-0"]
[WhiteElo "2050"]
[BlackElo "2100"]
[Annotator ",Michail"]
[PlyCount "79"]
[EventDate "2012.12.26"]

1. e4 d6 2. d4 Nf6 3. Nc3 e5 4. dxe5 dxe5 5. Qxd8+ Kxd8 6. Bg5 Be6 7. O-O-O+
Nbd7 8. f4 exf4 9. Nf3 Kc8 10. Bxf4 $11 Bb4 11. Nd5 Ba5 12. Nxf6 Nxf6 13. Bd3
Re8 14. h3 h6 15. Bd2 Bxd2+ 16. Rxd2 c6 17. Nd4 Kc7 18. Rf1 Rad8 19. e5 Rxd4
20. exf6 g6 21. Re2 Kd7 22. Re5 Bxa2 23. Rxe8 Kxe8 24. Re1+ Be6 25. Bxg6 Kf8
26. Re4 Rxe4 27. Bxe4 Ke8 28. Kd2 Kd7 29. Ke3 Kd6 30. Kf4 a5 31. g4 a4 32. h4
b5 33. c3 c5 34. Bc2 Bd7 35. g5 h5 36. g6 fxg6 37. Kg5 Ke6 38. Bxg6 b4 39. cxb4
cxb4 40. Bf5+ 1-0

[Event "Ceske sachove vanoce 2012  -  OPEN"]
[Site "Litomysl"]
[Date "2013.01.02"]
[Round "9.14"]
[White "Kimerling, Martin"]
[Black "Pulpan, Jakub"]
[Result "0-1"]
[WhiteElo "2047"]
[BlackElo "2099"]
[PlyCount "88"]
[EventDate "2012.12.26"]

1. d4 Nf6 2. c4 c5 3. d5 b5 4. cxb5 a6 5. b6 d6 6. Nc3 g6 7. a4 Qxb6 8. a5 Qc7
9. e4 Bg7 10. Be2 Nbd7 11. Nf3 O-O 12. O-O Ne8 13. Nd2 Qa7 14. Nc4 Nc7 15. Na4
Rb8 16. Nab6 Na8 17. Nxc8 Rfxc8 18. f4 Nc7 19. Ra3 Nf6 20. Nb6 Rd8 21. Qe1 Nxe4
22. Rh3 Rxb6 23. axb6 Qxb6 24. Bf3 Nf6 25. f5 Ncxd5 26. fxg6 hxg6 27. Qh4 Qb4
28. Bxd5 Qxh4 29. Bxf7+ Kxf7 30. Rxh4 Rb8 31. Ra4 Rb6 32. Rf3 Ke6 33. Re3+ Kd7
34. Rg3 Nd5 35. Rxg6 Bxb2 36. Bxb2 Rxb2 37. h4 Nc3 38. Rxa6 c4 39. Ra7+ Kc6 40.
h5 Ne2+ 41. Kh2 Rb5 42. g4 c3 43. Rxe7 c2 44. Rgg7 Rc5 0-1

[Event "Ceske sachove vanoce 2012  -  OPEN"]
[Site "Litomysl"]
[Date "2013.01.02"]
[Round "9.15"]
[White "Maciol, Ryszard"]
[Black "Chiu, Howard"]
[Result "1-0"]
[WhiteElo "2190"]
[BlackElo "2042"]
[PlyCount "123"]
[EventDate "2012.12.26"]

1. d4 Nf6 2. c4 e6 3. Nc3 Bb4 4. e3 c5 5. Bd3 Nc6 6. Nge2 cxd4 7. exd4 d5 8.
cxd5 Nxd5 9. O-O O-O 10. a3 Be7 11. Bc2 b6 12. Qd3 g6 13. Bh6 Re8 14. Ne4 Bb7
15. Rac1 Rc8 16. Ba4 a6 17. N2g3 b5 18. Bb3 Ba8 19. Nh5 f5 20. Nc3 Na5 21. Nxd5
Bxd5 22. Rxc8 Qxc8 23. Bxd5 exd5 24. Rc1 Qd7 25. Qg3 Bd8 26. Bg5 Nc4 27. h4 Re4
28. b3 Nd6 29. f3 Re8 30. Bxd8 Qxd8 31. Rc6 Re6 32. Nf4 Rf6 33. Nxd5 Re6 34.
Nc7 Rf6 35. Qe5 Kf7 36. Qd5+ Ke7 37. Nxa6 Re6 38. Rc7+ Kf6 39. Rxh7 Qg8 40. Nc7
Re1+ 41. Kf2 Qxh7 42. Qxd6+ Kf7 43. Kxe1 Qxh4+ 44. Ke2 Qg5 45. Qd5+ Ke7 46. f4
Qh5+ 47. Qf3 Qh1 48. Nxb5 Qb1 49. Kf2 Kf8 50. d5 Qc2+ 51. Kg3 Qd2 52. d6 Qe1+
53. Qf2 Qd1 54. Kh2 Qh5+ 55. Kg1 Qd1+ 56. Qf1 Qd2 57. a4 Qe3+ 58. Qf2 Qc1+ 59.
Kh2 Qd1 60. Qd4 Qh5+ 61. Kg1 Qh4 62. Qd2 1-0

[Event "Ceske sachove vanoce 2012  -  OPEN"]
[Site "Litomysl"]
[Date "2013.01.02"]
[Round "9.16"]
[White "Goluch, Piotr"]
[Black "Jablon, Stephen"]
[Result "0-1"]
[WhiteElo "2253"]
[BlackElo "1931"]
[PlyCount "112"]
[EventDate "2012.12.26"]

1. Nf3 d5 2. g3 Bf5 3. Bg2 c6 4. O-O Nd7 5. d3 Ngf6 6. Nbd2 Nc5 7. c4 e6 8.
cxd5 cxd5 9. b4 Ncd7 10. Rb1 Bd6 11. Re1 a5 12. e4 Bg4 13. b5 Bb4 14. e5 Ng8
15. a3 Bc3 16. Qb3 Rc8 17. d4 Bxf3 18. Bxf3 Bxd4 19. Qd1 Qb6 20. Kg2 Ne7 21.
Nb3 Bxe5 22. Be3 Qd6 23. Nxa5 b6 24. Nc6 Nxc6 25. bxc6 Rxc6 26. Bd2 O-O 27. Bb4
Nc5 28. Qe2 Bf6 29. Rbd1 Qc7 30. Kh1 h6 31. Bg2 Rc8 32. f4 Nd7 33. f5 Rc2 34.
Qh5 Ne5 35. fxe6 fxe6 36. Bh3 Qf7 37. Qxf7+ Kxf7 38. Bd6 Nf3 39. Bxe6+ Kg6 40.
g4 Nxe1 41. Bxc8 Rxc8 42. Rxe1 Kf7 43. Rb1 Bd4 44. Rd1 Ke6 45. Bb4 Rc4 46. Kg2
Bc5 47. Bxc5 bxc5 48. Rb1 Rxg4+ 49. Kf3 Rh4 50. Rb6+ Ke5 51. Kg2 Ra4 52. Rg6
Rxa3 53. Rxg7 Ra6 54. h4 c4 55. Kf3 Rf6+ 56. Ke2 Rf4 0-1

[Event "Ceske sachove vanoce 2012  -  OPEN"]
[Site "Litomysl"]
[Date "2013.01.02"]
[Round "9.17"]
[White "Johnova, Eliska"]
[Black "Schaefer, Reyk"]
[Result "1/2-1/2"]
[WhiteElo "1848"]
[BlackElo "2112"]
[Annotator ",Michail"]
[PlyCount "126"]
[EventDate "2012.12.26"]

1. e4 e5 2. Nc3 Nf6 3. f4 d5 4. fxe5 Nxe4 5. Nf3 Bc5 6. d4 Bb4 7. Bd2 Bg4 8.
Nxe4 dxe4 9. Bxb4 exf3 10. gxf3 Qd5 11. Be2 Nc6 12. Rg1 Bh5 13. Bc3 O-O-O 14.
b3 Nxe5 15. Rg3 Rhe8 16. Kf2 Nc6 17. Bc4 Qd6 18. Bb5 Re6 19. Bxc6 Qxc6 20. Bb2
Rde8 21. c4 Qd6 22. d5 R6e7 23. Qd2 Bg6 24. Bc3 c6 25. Qd4 Re2+ 26. Kg1 c5 27.
Qg4+ f5 28. Qg5 f4 29. Rg2 R2e7 30. Bd2 Rf8 31. Re1 Rxe1+ 32. Bxe1 Rf5 33. Qg4
Qe5 34. Kf1 Kb8 35. Re2 Qc7 36. Re8+ Bxe8 37. Qxf5 Qf7 38. Qe5+ Kc8 39. Bd2 Qh5
40. Qxf4 Qf7 41. Qe4 Bd7 42. Kf2 Bf5 43. Qe5 Bd7 44. Bf4 Kd8 45. Qc7+ Ke7 46.
Bg5+ Kf8 47. Qxc5+ Kg8 48. Qxa7 h6 49. Be3 Qf5 50. Qb8+ Kh7 51. Qxb7 Qc2+ 52.
Ke1 Qb1+ 53. Ke2 Qc2+ 54. Bd2 Bf5 55. Qb4 Qd3+ 56. Kf2 Qd4+ 57. Be3 Qh4+ 58.
Ke2 Qxh2+ 59. Ke1 Bd3 60. Qd2 Qh1+ 61. Kf2 Qh2+ 62. Ke1 Qh1+ 63. Kf2 Qh2+ $11
1/2-1/2

[Event "Ceske sachove vanoce 2012  -  OPEN"]
[Site "Litomysl"]
[Date "2013.01.02"]
[Round "9.18"]
[White "Mejzlik, Vojtech"]
[Black "Skoda, Martin"]
[Result "1-0"]
[WhiteElo "2052"]
[BlackElo "2017"]
[PlyCount "67"]
[EventDate "2012.12.26"]

1. c4 Nf6 2. Nc3 e6 3. e4 Bb4 4. e5 Ng8 5. Qg4 Kf8 6. a3 Be7 7. d4 d6 8. Nf3 c5
9. Be3 cxd4 10. Bxd4 dxe5 11. Bxe5 Nf6 12. Qf4 Nc6 13. Rd1 Qb6 14. b4 Nxe5 15.
Nxe5 Qa6 16. Nb5 Qa4 17. Be2 a6 18. Nd6 Bxd6 19. Rxd6 Ke7 20. O-O Qxa3 21. c5
a5 22. Rd3 Qa4 23. Nc4 Ra6 24. Nb6 Rxb6 25. cxb6 Qxb4 26. Qc7+ Bd7 27. Rfd1 Nd5
28. Rxd5 exd5 29. Rxd5 Rd8 30. Re5+ Kf6 31. Re3 Re8 32. Rf3+ Ke7 33. Rd3 Rd8
34. Re3+ 1-0

[Event "Ceske sachove vanoce 2012  -  OPEN"]
[Site "Litomysl"]
[Date "2013.01.02"]
[Round "9.19"]
[White "Lys, Josef"]
[Black "Marinov, Peter"]
[Result "1-0"]
[WhiteElo "2158"]
[BlackElo "1827"]
[PlyCount "137"]
[EventDate "2012.12.26"]

1. d4 d5 2. c4 e6 3. Nc3 c6 4. Nf3 Nd7 5. e3 Bd6 6. Be2 f5 7. Qc2 Ngf6 8. cxd5
exd5 9. Qxf5 Ne5 10. Qg5 Nxf3+ 11. Bxf3 O-O 12. O-O Be7 13. Qe5 Bd6 14. Qg5 Be7
15. e4 Nxe4 16. Qe3 Bg5 17. Qd3 Bxc1 18. Raxc1 Nxc3 19. Qxc3 Bf5 20. Rce1 Qd7
21. Qc5 Rfe8 22. Rxe8+ Qxe8 23. b4 a6 24. a4 Qd7 25. b5 axb5 26. axb5 Bd3 27.
bxc6 bxc6 28. Rc1 Re8 29. h3 Bb5 30. Rb1 Kh8 31. Bxd5 Rd8 32. Bf3 Qxd4 33. Qxd4
Rxd4 34. Bxc6 Bc4 35. Rb8+ Bg8 36. Be8 Rf4 37. Bd7 Rf6 38. Ba4 g6 39. Bb3 h5
40. Rxg8+ Kh7 41. Rb8 Kh6 42. h4 Rd6 43. g3 Ra6 44. Kg2 Rd6 45. Rg8 Kh7 46. Re8
Rb6 47. Bc2 Kg7 48. Re5 Rc6 49. Be4 Rc4 50. Re6 Kf7 51. Rxg6 Rxe4 52. Rg5 Ra4
53. Rxh5 Kg7 54. Rc5 Ra2 55. Rc6 Rb2 56. g4 Rb4 57. Kg3 Re4 58. h5 Rb4 59. f3
Rd4 60. f4 Rd3+ 61. Kh4 Rd4 62. Kg5 Rd5+ 63. f5 Rd7 64. h6+ Kh7 65. Kh5 Rd5 66.
Rc7+ Kh8 67. Kg6 Rd8 68. f6 Rg8+ 69. Rg7 1-0

[Event "Ceske sachove vanoce 2012  -  OPEN"]
[Site "Litomysl"]
[Date "2013.01.02"]
[Round "9.20"]
[White "Spacek, Oliver"]
[Black "Melichar, Vojtech"]
[Result "1-0"]
[WhiteElo "1998"]
[BlackElo "1830"]
[PlyCount "69"]
[EventDate "2012.12.26"]

1. d4 Nf6 2. c4 g6 3. Nc3 Bg7 4. e4 d6 5. h3 O-O 6. Bg5 c5 7. d5 e6 8. Nf3 exd5
9. cxd5 Re8 10. Be2 Qa5 11. Bd2 a6 12. Qc2 Qc7 13. a4 Nbd7 14. O-O Ne5 15. Nxe5
Rxe5 16. f4 Re8 17. Bf3 Rb8 18. Ne2 Nd7 19. Bc3 f6 20. Rfc1 b5 21. axb5 axb5
22. b4 c4 23. Nd4 Nf8 24. Nc6 Rb7 25. Qb2 Qf7 26. Ra8 Bd7 27. Rxe8 Bxe8 28. Nd8
Qc7 29. Nxb7 Qxb7 30. Bxf6 Bxf6 31. Qxf6 Qa7+ 32. Kh1 Qa3 33. Ra1 Qe3 34. Ra8
Bf7 35. Qxd6 1-0

[Event "Ceske sachove vanoce 2012  -  OPEN"]
[Site "Litomysl"]
[Date "2013.01.02"]
[Round "9.22"]
[White "Hajek, Oskar"]
[Black "Lewicki, Pawel"]
[Result "1-0"]
[WhiteElo "1829"]
[BlackElo "1934"]
[PlyCount "61"]
[EventDate "2012.12.26"]

1. e4 e6 2. d4 d5 3. Nd2 Nf6 4. e5 Ne4 5. Nxe4 dxe4 6. c3 c5 7. Bb5+ Bd7 8.
Bxd7+ Qxd7 9. Ne2 Nc6 10. O-O Be7 11. Be3 O-O 12. Ng3 cxd4 13. cxd4 Rad8 14.
Qg4 f5 15. exf6 Bxf6 16. Nxe4 Bxd4 17. Nc5 Bxc5 18. Bxc5 Rf5 19. Be3 Rd5 20.
Qa4 e5 21. Rfe1 b6 22. Rac1 Nd4 23. Qc4 b5 24. Qb4 Qg4 25. Bxd4 Qxd4 26. Qe7
Rf8 27. Rf1 e4 28. Rc7 a5 29. h3 Rdf5 30. Qe6+ Kh8 31. Qxf5 1-0

[Event "Ceske sachove vanoce 2012  -  OPEN"]
[Site "Litomysl"]
[Date "2013.01.02"]
[Round "9.23"]
[White "Anaskin, Arsenij"]
[Black "Jandl, Vojtech"]
[Result "1-0"]
[WhiteElo "1855"]
[BlackElo "1812"]
[PlyCount "55"]
[EventDate "2012.12.26"]

1. e4 c5 2. Nf3 d6 3. d4 cxd4 4. Nxd4 Nf6 5. Nc3 g6 6. Be3 Bg7 7. f3 O-O 8. Qd2
Nc6 9. O-O-O Bd7 10. g4 Rc8 11. h4 Bxg4 12. fxg4 Nxg4 13. Nxc6 Rxc6 14. Be2
Nxe3 15. Qxe3 Qa5 16. Rd3 Rfc8 17. Rh3 h5 18. Rg3 Kh7 19. Qf3 Bf6 20. Bd1 Qc7
21. Qf4 b5 22. Qf2 Qa5 23. Nd5 Qa4 24. Nxf6+ exf6 25. Rd4 Qxa2 26. Qxf6 R8c7
27. Ra3 Qe6 28. Qxe6 1-0

[Event "Ceske sachove vanoce 2012  -  OPEN"]
[Site "Litomysl"]
[Date "2013.01.02"]
[Round "9.24"]
[White "Liduch, Filip"]
[Black "Spacek, Marcel"]
[Result "0-1"]
[WhiteElo "1707"]
[BlackElo "1846"]
[PlyCount "78"]
[EventDate "2012.12.26"]

1. e4 c5 2. Nf3 Nc6 3. d4 cxd4 4. Nxd4 Nf6 5. Nc3 e5 6. Ndb5 d6 7. Bg5 a6 8.
Na3 b5 9. Bxf6 gxf6 10. Nd5 f5 11. c3 Bg7 12. exf5 Bxf5 13. Nc2 O-O 14. Nce3
Be6 15. Bd3 f5 16. O-O Ra7 17. g3 e4 18. Nf4 Bc8 19. Bc2 Ne5 20. Qd5+ Kh8 21.
Bd1 Qf6 22. Be2 Bh6 23. Qd4 Raf7 24. Ned5 Qg7 25. Nh5 Qg8 26. Nhf4 Bb7 27. Ne6
Rc8 28. Nb6 Rc6 29. f4 exf3 30. Bxf3 Rxb6 31. Qxb6 Nxf3+ 32. Rxf3 Bxf3 33. Qd4+
Bg7 34. Qxd6 Qc8 35. Ng5 Rf6 36. Qe7 Bh5 37. g4 fxg4 38. Rd1 Qf5 39. Rd8+ Rf8
0-1

[Event "Ceske sachove vanoce 2012  -  OPEN"]
[Site "Litomysl"]
[Date "2013.01.02"]
[Round "9.25"]
[White "Tischer, Jana"]
[Black "Macura, Emil"]
[Result "1/2-1/2"]
[WhiteElo "1876"]
[BlackElo "2062"]
[Annotator ",Michail"]
[PlyCount "85"]
[EventDate "2012.12.26"]

1. e4 e5 2. Nf3 Nc6 3. d4 exd4 4. Nxd4 Bc5 5. Be3 Qf6 6. c3 Nge7 7. Be2 d6 8.
O-O O-O 9. Nxc6 Nxc6 10. Bxc5 dxc5 11. Nd2 b6 12. Qc2 Bd7 13. Nc4 Rad8 14. Ne3
Ne7 15. Rad1 Bc6 16. Rxd8 Rxd8 17. Rd1 Re8 18. Bc4 Qe5 19. f3 g6 20. Ng4 Qf4
21. Qd2 Qxd2 22. Rxd2 Kg7 23. Ne5 f6 24. Nxc6 Nxc6 25. Bb5 Rd8 26. Rxd8 Nxd8
27. Kf2 Kf8 28. Ke3 Ke7 29. Bc4 Nb7 30. f4 h6 31. h4 c6 32. g4 a5 33. g5 fxg5
34. hxg5 hxg5 35. fxg5 Nd6 36. Be2 Nf7 37. Kf4 Kd6 38. b3 b5 39. c4 b4 40. Bf1
Ne5 41. Be2 Nf7 42. Bf1 Ke6 43. Bh3+ $11 1/2-1/2